000 00834nam a22002657a 4500
001 3176
003 FISKH
005 20240215145404.0
008 240215b cb ||||| |||| 00| 0 eng d
020 _a9780590292986
040 _aFISKH
_beng
_cFISKH
_dFISKH
050 _aPZ73.R397
082 _a813.54
100 _aReid, Mary
245 _aHow have I grown? /
_cWritten by Ried, Mary : illustrated by Speirs, John
260 _aNew York :
_bScholastic,
_c1995
300 _a32 pages :
_bcolor illustrations ;
_c26 cm .
505 _aF
520 _aA young girl describes the ways she has changed from the time she was a baby until she goes to kindergarten.
521 8 _a300
_bLexile
521 8 _aF
_bRaz-Plus
650 _agrowth
_vfiction
700 _aSpeirs, John
_eillustrator
942 _2ddc
_cBK
_n0
999 _c3176
_d3176